Welcome to the Holygrace Academy Library

Please use search bar below to get started

CBSE SCIENCE -9 - EXAM POINT (Record no. 8911)

MARC details
000 -LEADER
fixed length control field 00335nam a22001337a 4500
082 ## - DEWEY DECIMAL CLASSIFICATION NUMBER
Classification number 500
Item number POO/S
100 ## - MAIN ENTRY--AUTHOR NAME
Personal name POOJAMOL
245 ## - TITLE STATEMENT
Title CBSE SCIENCE -9 - EXAM POINT
246 ## - VARYING FORM OF TITLE
Title proper/short title CBSE SCIENCE -9 - EXAM POINT
Remainder of title CBSE SCIENCE -9 - EXAM POINT
260 ## - PUBLICATION, DISTRIBUTION, ETC. (IMPRINT)
Place of publication INDIA
Name of publisher MAXIMUM
Year of publication 2024
300 ## - PHYSICAL DESCRIPTION
Number of Pages 462
650 ## - SUBJECT ADDED ENTRY--TOPICAL TERM
Topical Term SCIENCE REFERENCE
942 ## - ADDED ENTRY ELEMENTS (KOHA)
Koha item type Books
Holdings
Withdrawn status Lost status Collection code Home library Current library Date acquired Source of acquisition Cost, normal purchase price Full call number Accession Number Koha item type
    Reference Main Library Main Library 01/07/2024 PURCHASED 490.00 500 POO/S 13681 Books